[Event "TCh-NED Meesterklasse 2011-12"]
[Site "Netherlands NED"]
[Date "2011.09.17"]
[Round "1.3"]
[White "Ootes,La"]
[Black "Hoeksema,E"]
[Result "1/2-1/2"]
[WhiteElo "2340"]
[BlackElo "2328"]

1.e4 c5 2.Nf3 d6 3.d4 cxd4 4.Nxd4 Nf6 5.Nc3 Nc6 6.Bg5 Qb6 7.Be3 Qa5 8.f3 a6
9.Qd2 Nxd4 10.Qxd4 e5 11.Qa4+ Qxa4 12.Nxa4 Be6 13.Nb6 Rd8 14.c4 Nd7 15.Nd5 Rc8
16.Kd2 Be7 17.Nxe7 Kxe7 18.b3 f5 19.Bd3 f4 20.Bf2 g5 21.g3 Rcf8 22.Rag1 fxg3
23.Rxg3 g4 24.Ke3 Nf6 25.Be2 h5  1/2-1/2

[Event "TCh-NED Meesterklasse 2011-12"]
[Site "Netherlands NED"]
[Date "2011.09.17"]
[Round "1.8"]
[White "Zwirs,Nico"]
[Black "Okkes,M"]
[Result "0-1"]
[WhiteElo "2176"]
[BlackElo "2386"]

1.e4 c5 2.Nf3 Nc6 3.d4 cxd4 4.Nxd4 Nf6 5.Nc3 d6 6.Bg5 e6 7.Qd2 a6 8.O-O-O Qb6
9.Bxf6 gxf6 10.Nb3 Bd7 11.Kb1 O-O-O 12.f4 Be7 13.Be2 h5 14.Bf3 Kb8 15.Rhe1 Na5
16.Nd5 Nxb3 17.Nxb6 Nxd2+ 18.Rxd2 Bc6 19.Nd5 Bxd5 20.exd5 e5 21.Rd3 h4 22.Rb3 Rd7
23.f5 Ka7 24.Re4 Bd8 25.Rbb4 h3 26.g3 Ba5 27.Rh4 Rdd8 28.Rbc4 Be1 29.Bh5 Rh7
30.Rxh3 Rdh8 31.g4 Kb8 32.a3 Bf2 33.Rf3 Bh4 34.Rb3 Rd8 35.Rc6 Bf2 36.Rxa6 e4
37.Kc1 Rd7 38.Ra4 Re7 39.Rbb4 e3 40.Re4 Re5 41.Kd1 Rxd5+ 42.Rad4 Rxd4+ 43.Rxd4 e2+  0-1

[Event "ch-Euro Youth b18"]
[Site "Albena BUL"]
[Date "2011.09.18"]
[Round "7.12"]
[White "Ponomarenko,A"]
[Black "Druska,J"]
[Result "1/2-1/2"]
[WhiteElo "2406"]
[BlackElo "2338"]

1.e4 c5 2.Nf3 Nc6 3.d4 cxd4 4.Nxd4 Nf6 5.Nc3 d6 6.Bg5 e6 7.Qd2 a6 8.O-O-O Be7
9.f3 Nxd4 10.Qxd4 b5 11.e5 dxe5 12.Qxe5 Qb6 13.Kb1 Qc5 14.Bxf6 gxf6 15.Qg3 f5
16.Qg7 Rf8 17.Ne2 Bd6 18.Nd4 Be5 19.Nc6 Bc7 20.Nd4 Be5  1/2-1/2

[Event "ch-Euro Youth g18"]
[Site "Albena BUL"]
[Date "2011.09.19"]
[Round "8.16"]
[White "Nguyen Minh,T"]
[Black "De Seroux,C"]
[Result "0-1"]
[WhiteElo "1957"]
[BlackElo "2057"]

1.e4 c5 2.Nf3 d6 3.d4 cxd4 4.Nxd4 Nf6 5.Nc3 Nc6 6.Bg5 Qb6 7.Nb3 e6 8.Qd2 Be7
9.Be2 O-O 10.O-O Rd8 11.Rad1 d5 12.exd5 Nxd5 13.Bxe7 Ndxe7 14.Qg5 f6 15.Qh4 Nf5
16.Qc4 Nd6 17.Qh4 Ne5 18.Qd4 Qxd4 19.Rxd4 Nef7 20.Rfd1 e5 21.R4d2 Bf5 22.Nd5 Kf8
23.g4 Bd7 24.c4 Rac8 25.Ne3 Be6 26.Rc2 b6 27.Nd2 Ng5 28.Kg2 Bf7 29.Nf3 Ne6
30.Rcd2 Nf4+ 31.Kf1 Nb7 32.b3 h5 33.Nh4 Nxe2 34.Kxe2 hxg4 35.Nxg4 Bh5 36.h3 Rxd2+
37.Rxd2 Nc5 38.Ke3 Ne6 39.Rd7 Nf4 40.Rxa7 Rd8 41.f3 Rd3+ 42.Ke4 Rd4+ 43.Ke3 Rd3+
44.Ke4 Rd4+ 45.Ke3 Nxh3 46.Nf5 Rf4 47.Nxg7 Bxg4 48.fxg4 Rxg4 49.Ne6+ Kg8
50.Rb7 f5 51.Rxb6 Rg3+ 52.Ke2 f4 53.Nxf4 exf4 54.Rf6 Kg7 55.Rf5 f3+ 56.Ke3 f2+
57.Kd4 Rg1 58.a4 f1=Q 59.Rxf1 Rxf1 60.a5 Nf4 61.b4 Ra1 62.c5 Kf7 63.c6 Ke7
64.Kc4 Kd6 65.Kb5 Nd5  0-1

[Event "ch-Euro Youth b16"]
[Site "Albena BUL"]
[Date "2011.09.19"]
[Round "8.22"]
[White "Andersen,Mad"]
[Black "Bida,M"]
[Result "1-0"]
[WhiteElo "2398"]
[BlackElo "2141"]

1.e4 c5 2.Nf3 Nc6 3.d4 cxd4 4.Nxd4 Nf6 5.Nc3 d6 6.Bg5 e6 7.Qd2 a6 8.O-O-O Bd7
9.f4 Be7 10.Nf3 b5 11.Bxf6 gxf6 12.Kb1 Qb6 13.f5 O-O-O 14.fxe6 fxe6 15.g3 Kb8
16.Bh3 Bc8 17.Qe1 Rhe8 18.Rf1 Qc5 19.Ne2 Bf8 20.Nf4 Bg7 21.c3 f5 22.exf5 exf5
23.Qf2 Ne5 24.Nxe5 Bxe5 25.Qc2 Bxf4 26.Rxf4 Re5 27.b4 Qc7 28.Kb2 Rde8 29.Rd2 Be6
30.Bxf5 Rxf5 31.Rxf5 Qc4 32.Rf3 Bd5 33.Rxd5 Qxd5 34.Qf2 Ka8 35.Rf8 Qe4 36.Rxe8+ Qxe8
37.Qb6 Qe2+ 38.Ka3 Qd3 39.Qxa6+ Kb8 40.Qc6 Ka7 41.g4 h6 42.h4 Qf1 43.Qd7+ Ka8
44.Qe8+ Kb7 45.Qe4+ Ka6 46.Qe3 h5 47.gxh5 Qb1 48.Qd2 Kb7 49.h6 Kc6 50.Qb2 Qg6
51.Qc1 Qh5 52.Qg5 Qe2 53.h7 Qc2 54.h8=Q  1-0

[Event "US Chess League 2011"]
[Site "ICC INT"]
[Date "2011.09.21"]
[Round "4"]
[White "Atoufi,P"]
[Black "Karlow,Nick W"]
[Result "1-0"]
[WhiteElo "2279"]
[BlackElo "2015"]

1.e4 c5 2.Nf3 Nc6 3.d4 cxd4 4.Nxd4 Nf6 5.Nc3 d6 6.Bg5 e6 7.Bb5 Bd7 8.Bxc6 Bxc6
9.Nxc6 bxc6 10.Qf3 Be7 11.e5 Nd5 12.Bxe7 Qxe7 13.exd6 Qxd6 14.O-O Nxc3 15.Qxc3 O-O
16.Rad1 Qc7 17.Rd3 Rad8 18.Rfd1 Qb6 19.Rd7 Rxd7 20.Rxd7 Qa6 21.a3 Qe2 22.g3 Qe4
23.Qd3 Qe1+ 24.Kg2 a5 25.Qc4 Qc1 26.Rb7 h5 27.h4 Rd8 28.Qxc6 Rd1 29.Rb8+ Kh7
30.Qf3 Kg6 31.Qe4+ Kf6 32.Rb5 Rd5 33.Rxd5 exd5 34.Qf4+ Qxf4 35.gxf4 Ke6 36.Kf3 Kd6
37.Ke3 Kc5 38.b3 g6 39.c3 a4 40.bxa4 f6 41.f5 g5 42.hxg5 fxg5 43.f6 Kd6 44.a5 h4
45.Kf3 Ke6 46.Kg4  1-0

[Event "Caissa GM Sept 2011"]
[Site "Kecskemet HUN"]
[Date "2011.09.22"]
[Round "6.5"]
[White "Groszpeter,A"]
[Black "Antal,T"]
[Result "1/2-1/2"]
[WhiteElo "2521"]
[BlackElo "2286"]

1.e4 c5 2.Nf3 d6 3.d4 cxd4 4.Nxd4 Nf6 5.Nc3 Nc6 6.Bg5 e6 7.Qd2 a6 8.O-O-O Bd7
9.f4 b5 10.Bxf6 gxf6 11.Kb1 Qb6 12.Nxc6 Bxc6 13.Qe1 Be7 14.Bd3 Qc5 15.f5 b4
16.Ne2 e5 17.Ng3 a5 18.Qe2 Rc8 19.Ba6 Rd8  1/2-1/2

[Event "Tatry Open"]
[Site "Tatranske Zruby SVK"]
[Date "2011.09.25"]
[Round "1.21"]
[White "Janos,I"]
[Black "Krak,T"]
[Result "1-0"]
[WhiteElo "2142"]
[BlackElo "2282"]

1.e4 c5 2.Nf3 Nc6 3.d4 cxd4 4.Nxd4 Nf6 5.Nc3 d6 6.Bg5 e6 7.Qd2 a6 8.O-O-O h6
9.Nxc6 bxc6 10.Bf4 d5 11.Qe3 Be7 12.Be2 O-O 13.Qg3 Kh8 14.Rhe1 a5 15.exd5 cxd5
16.Bc7 Qe8 17.Be5 Bd7 18.Rd4 Rg8 19.Rh4 Nh7 20.Rxh6 Qd8 21.Rh5 Bg5+ 22.f4  1-0

[Event "Tatry Open"]
[Site "Tatranske Zruby SVK"]
[Date "2011.09.27"]
[Round "3.35"]
[White "Partys,P"]
[Black "Vavra,R"]
[Result "1/2-1/2"]
[WhiteElo "2027"]
[BlackElo "2045"]

1.e4 c5 2.Nf3 d6 3.d4 cxd4 4.Nxd4 Nf6 5.Nc3 Nc6 6.Bg5 e6 7.Qd2 a6 8.O-O-O h6
9.Be3 Be7 10.f3 Qc7 11.g4 Nd7 12.Be2 Nxd4 13.Bxd4 O-O 14.Kb1 b5 15.h4 Bb7
16.Rdg1 b4 17.Nd1 d5 18.exd5 Bxd5 19.Ne3 Nb6 20.Bxb6 Qxb6 21.Nxd5 exd5 22.Qxd5 Rad8
23.Qb3 Bxh4 24.Bd3 Rd4 25.Rf1 Bg5 26.Re1 a5 27.a4 Qd6 28.Re4 Rxe4 29.Bxe4  1/2-1/2

[Event "Tatry Open"]
[Site "Tatranske Zruby SVK"]
[Date "2011.09.29"]
[Round "6.28"]
[White "Vermirovsky,V"]
[Black "Kolesar,Mil"]
[Result "0-1"]
[WhiteElo "1994"]
[BlackElo "2175"]

1.e4 c5 2.Nf3 d6 3.d4 cxd4 4.Nxd4 Nf6 5.Nc3 Nc6 6.Bg5 e6 7.Qd2 a6 8.O-O-O Bd7
9.f4 b5 10.Bxf6 gxf6 11.Kb1 Qb6 12.Nxc6 Bxc6 13.f5 b4 14.Ne2 e5 15.Ng3 Qc5
16.Nh5 Ke7 17.Bd3 a5 18.Rhe1 a4 19.Bc4 a3 20.b3 Rc8 21.h4 Rg8 22.Qe2 Bb5
23.Rd5 Bxc4 24.Qxc4 Qxc4 25.bxc4 Rxc4 26.Red1 Rxg2 27.Rxd6 Rd4 28.R6xd4 exd4
29.Nf4 Rg4 30.Nd5+ Kd6 31.Nxf6 Rxh4 32.c3 bxc3 33.Kc2 Bh6 34.Kd3 Rh3+ 35.Kxd4 c2  0-1

[Event "TCh-CZE Liga 1 Zapad"]
[Site "Czech Rep CZE"]
[Date "2011.10.02"]
[Round "1.1"]
[White "Oral, Tomas"]
[Black "Jirovsky, Milos"]
[Result "1/2-1/2"]
[WhiteElo "2526"]
[BlackElo "2466"]

1.e4 c5 2.Nf3 d6 3.d4 cxd4 4.Nxd4 Nf6 5.Nc3 Nc6 6.Bg5 Bd7 7.Qd2 Nxd4 8.Qxd4 Qa5
9.Bd2 Rc8 10.Nb5 Qb6 11.Qxb6 axb6 12.Nc3 Bc6 13.f3 d5 14.exd5 Nxd5 15.Nxd5 Bxd5
16.c4 Bxc4 17.Rc1 Be6 18.Bb5+ Kd8 19.Rd1 Rc5 20.Be3+ Kc7 21.Bxc5 bxc5 22.Ke2 Bxa2
23.Rd7+ Kb6 24.Bd3 Be6 25.Rd8 g6 26.b3 Bg7 27.Rxh8 Bxh8 28.Bc4 Bxc4+ 29.bxc4 Kc6
30.Rb1 Be5 31.h3 h5 32.g4 hxg4 33.hxg4 g5 34.Rb3 f6 35.Rd3 e6 36.Rb3 b6 37.Ra3 Bb8
38.Ra1 Be5 39.Ra7 Bf4 40.Re7 Kd6 41.Rb7 Kc6 42.Re7 Kd6 43.Rb7  1/2-1/2

[Event "TCh-CZE Liga1 Vychod"]
[Site "Czech Rep CZE"]
[Date "2011.10.02"]
[Round "1"]
[White "Olsar, Jaroslav"]
[Black "Malinovsky, Karel"]
[Result "1/2-1/2"]
[WhiteElo "2231"]
[BlackElo "2357"]

1.e4 c5 2.Nf3 Nc6 3.d4 cxd4 4.Nxd4 Nf6 5.Nc3 d6 6.Bg5 Bd7 7.Nb3 h6 8.Bxf6 gxf6
9.Qh5 Rg8 10.f4 Rc8 11.Be2 b5 12.O-O b4 13.Nd5 e6 14.Ne3 Qb6 15.Qf3 Nd4 16.Nxd4 Qxd4
17.Rad1 Qxb2 18.Bc4 Be7 19.Kh1 f5 20.exf5 Bc6 21.Qe2 d5 22.Bb5 d4 23.Bxc6+ Rxc6
24.Qb5 Qc3 25.Rxd4 Qxd4 26.Qxc6+ Kf8 27.Nc4 exf5 28.Ne5 Bd6 29.Qc8+ Kg7 30.Qxf5 Qd5
31.h3 Qe6 32.Qxe6 fxe6 33.Rd1 Bxe5 34.fxe5 Rc8 35.Rd7+ Kg6 36.Rxa7 Rxc2 37.Ra4 Kf5
38.Rxb4 Rxa2 39.Rh4 Kg5 40.Rg4+ Kf5 41.Rh4 Kg5 42.Rg4+  1/2-1/2

[Event "Tatry Open"]
[Site "Tatranske Zruby SVK"]
[Date "2011.10.02"]
[Round "9.53"]
[White "Sepesi,Samuel"]
[Black "Vermirovsky,V"]
[Result "1-0"]
[WhiteElo "1839"]
[BlackElo "1994"]

1.e4 c5 2.Nf3 d6 3.d4 cxd4 4.Nxd4 Nf6 5.Nc3 Nc6 6.Bg5 e6 7.Qd2 a6 8.O-O-O h6
9.Bh4 Nxe4 10.Qf4 Nf6 11.Nxc6 bxc6 12.Ne4 e5 13.Qf3 Qc7 14.Bxf6 gxf6 15.Qxf6 Rg8
16.Nxd6+ Bxd6 17.Rxd6 Qe7 18.Rxc6 Qxf6 19.Rxf6 Rg6 20.Rxg6 fxg6 21.Bd3 Kf7
22.Re1 Kf6 23.Be4 Ra7 24.Re3 g5 25.Rf3+ Ke7 26.Rb3  1-0

[Event "20th TCh-CRO w"]
[Site "Sibenik CRO"]
[Date "2011.10.05"]
[Round "2.3"]
[White "Purgar,I"]
[Black "Ivekovic,I"]
[Result "1-0"]
[WhiteElo "2164"]
[BlackElo "1912"]

1.e4 c5 2.Nf3 Nc6 3.d4 cxd4 4.Nxd4 Nf6 5.Nc3 d6 6.Bg5 e6 7.Qd2 a6 8.f4 h6
9.Bxf6 Qxf6 10.Nf3 Qd8 11.O-O-O Be7 12.Kb1 b5 13.g4 Qb6 14.g5 Bb7 15.g6 O-O
16.Bh3 Bc8 17.Rhg1 b4 18.Ne2 e5 19.gxf7+ Rxf7 20.f5 a5 21.Ng3 Kh7 22.Qd5 Rf8
23.Nh5 Bf6 24.Qxd6 Ba6 25.Rxg7+ Bxg7 26.Qg6+ Kh8 27.Qxg7+  1-0

[Event "20th TCh-CRO 1a"]
[Site "Sibenik CRO"]
[Date "2011.10.05"]
[Round "2.4"]
[White "Filippov,An UZB"]
[Black "Saric,Iv"]
[Result "1/2-1/2"]
[WhiteElo "2606"]
[BlackElo "2643"]

1.e4 c5 2.Nf3 Nc6 3.d4 cxd4 4.Nxd4 Nf6 5.Nc3 d6 6.Bg5 a6 7.Qd2 Nxd4 8.Qxd4 Qa5
9.Bd2 Qc7 10.Qc4 Qxc4 11.Bxc4 b5 12.Nd5 Nxd5 13.Bxd5 Rb8 14.O-O-O g6 15.Rhe1 Bg7
16.Bf4 O-O 17.Bg5 Bf6 18.Bxf6 exf6 19.Re3 Rd8 20.Rd4 Kf8 21.a4 Ke7 22.axb5 axb5
23.Ra3 Bb7 24.Rb3 Ba6 25.Rdb4 Rdc8 26.Kd2 Rc7 27.Ra3 Bc8 28.c4 Bd7 29.cxb5 Rxb5
30.Rxb5 Bxb5 31.Rc3 Ra7 32.Ra3 Rc7 33.b4 Bd7 34.Ra8 f5 35.Rb8 fxe4 36.Bxe4 Bc6
37.Bxc6 Rxc6 38.b5 Rc4 39.b6 d5 40.b7 Rb4 41.Kc3 Rb5 42.g4 Kf6 43.f4 h5 44.h3 hxg4
45.hxg4 Rb6 46.Kd4 Rb5 47.Kd3 Rb3+ 48.Kd4 Rb5 49.Kd3  1/2-1/2

[Event "FSIMB Oct"]
[Site "Budapest HUN"]
[Date "2011.10.06"]
[Round "6"]
[White "Lengyel,B"]
[Black "Wittmann,W"]
[Result "1-0"]
[WhiteElo "2288"]
[BlackElo "2300"]

1.e4 c5 2.Nf3 d6 3.d4 cxd4 4.Nxd4 Nf6 5.Nc3 Nc6 6.Bg5 Bd7 7.Be2 Qa5 8.Bxf6 gxf6
9.O-O Nxd4 10.Qxd4 Rc8 11.Rfe1 Qc5 12.Qd3 h5 13.a4 h4 14.Ra3 a6 15.Rb3 Bc6
16.Nd5 Bxd5 17.exd5 Rc7 18.Rc3 Qb6 19.Bg4 Bg7 20.Qe4 f5 21.Rxc7 Qxc7 22.Qxf5 Bxb2
23.Rb1 Bd4 24.Rb4 Bc3 25.Rf4 Kd8 26.Be2 Ba5 27.Bg4 b5 28.axb5 axb5 29.h3 Bc3
30.Rf3 b4 31.Rf4 e6 32.Qxf7 Qxf7 33.Rxf7 e5 34.Rd7+ Ke8 35.Rxd6 Rf8 36.Kf1 Bd4
37.Re6+ Kf7 38.f3 Rc8 39.Rc6 Rxc6 40.dxc6 Bb6 41.Ke2 Bc7 42.Kd3 Bd6 43.Kc4 Ke7
44.Kd5 Bc7 45.Kc5 Bd6+ 46.Kb6 Kd8 47.Kb7 Bc7 48.Bf5 Bd6 49.Bd3 Bc7 50.Bf1 Bd6
51.g3 e4 52.gxh4 exf3 53.h5  1-0

[Event "FSIMB Oct"]
[Site "Budapest HUN"]
[Date "2011.10.07"]
[Round "7"]
[White "Bagi,M"]
[Black "Wittmann,W"]
[Result "0-1"]
[WhiteElo "2309"]
[BlackElo "2300"]

1.e4 c5 2.Nf3 d6 3.d4 cxd4 4.Nxd4 Nf6 5.Nc3 Nc6 6.Bg5 e6 7.Qd2 Be7 8.O-O-O Nxd4
9.Qxd4 O-O 10.f4 h6 11.h4 Qa5 12.Kb1 Rd8 13.Bd3 Bd7 14.e5 dxe5 15.fxe5 Be8
16.Qf4 Nh5 17.Qg4 hxg5 18.hxg5 g6 19.Rde1 Rxd3 20.cxd3 Bb4 21.Rc1 Bxc3 22.Rxc3 Qxe5
23.d4 Qf4 24.Qxf4 Nxf4 25.Rc7 Rb8 26.g3 Nd5 27.Rc2 Rd8 28.Rch2 Kf8 29.a3 Ke7  0-1

[Event "Belgrade Premier League 2011"]
[Site "Belgrade SRB"]
[Date "2011.10.08"]
[Round "7.1"]
[White "Markovic,Alek"]
[Black "Jakovljevic,Vlada"]
[Result "0-1"]
[WhiteElo "1986"]
[BlackElo "2209"]

1.e4 c5 2.Nf3 Nc6 3.d4 cxd4 4.Nxd4 Nf6 5.Nc3 d6 6.Bg5 e6 7.Qd2 h6 8.Bxf6 gxf6
9.f4 a6 10.O-O-O Qb6 11.Nb3 Bd7 12.Be2 h5 13.Kb1 O-O-O 14.Rhf1 Kb8 15.f5 Be7
16.fxe6 fxe6 17.Bd3 Ne5 18.Rde1 Rc8 19.Ne2 Bd8 20.Nf4 a5 21.Qf2 Qxf2 22.Rxf2 a4
23.Nd4 Bb6 24.c3 Nxd3 25.Nxd3 e5 26.Rxf6 exd4 27.cxd4 Bb5 28.Nf4 Bxd4 29.Rxd6 Be5
30.Rd5 Bxf4 31.Rxb5 Bxh2 32.Rh1 Bf4 33.Rf1 Bg3 34.Rf7 Rc7 35.Rff5 h4 36.Ra5 Rc4
37.e5 Re8 38.Rb5 Rec8 39.a3 Re4 40.Rf7 Rc7 41.Rf8+ Ka7 42.Ra5+ Kb6 43.Rfa8 Rc5
44.Rxa4 Rcxe5 45.Rxe4 Rxe4  0-1

[Event "Belgrade Premier League 2011"]
[Site "Belgrade SRB"]
[Date "2011.10.08"]
[Round "7.4"]
[White "Sarenac,D"]
[Black "Jovanovic,Zo1 SCG"]
[Result "0-1"]
[WhiteElo "2273"]
[BlackElo "2320"]

1.e4 c5 2.Nf3 d6 3.d4 cxd4 4.Nxd4 Nf6 5.Nc3 Nc6 6.Bg5 e6 7.Qd2 Be7 8.O-O-O O-O
9.f3 Nxd4 10.Qxd4 Qa5 11.h4 Bd7 12.Kb1 b5 13.Qd2 b4 14.Ne2 Rfd8 15.g4 e5
16.Nc1 Be6 17.Bd3 Rab8 18.Qg2 Qc7 19.Bd2 d5 20.h5 dxe4 21.fxe4 Bxg4 22.Rdf1 Be6
23.Rf3 Kh8 24.Rg3 Rg8 25.Rg1 Nxh5 26.Rh1 g6 27.Qh2 Rbc8 28.c3 Qb7 29.Bc2 f6
30.Rf3 bxc3 31.Bxc3 Qb8 32.Ka1 Rg7 33.Nd3 Rxc3 34.bxc3 Qc7 35.Nc1 Nf4 36.Qd2 Rg8
37.Rg3 Rc8 38.Bb3 Bxb3 39.axb3 Kg7 40.Qh2 Qa5+ 41.Kb1 h5 42.Qc2 Qb5 43.Nd3 a5
44.Nb2 Rb8 45.c4 Qc6 46.Ka2 Bc5 47.Na4 Bd4 48.Rd1 Rb4 49.Rf3 Ne6 50.Rdf1 Nf4
51.Rxf4 exf4 52.Rxf4 Rb7 53.Rf1 Re7 54.Re1 f5 55.Nc3 a4 56.Nb5 axb3+ 57.Kxb3 Bf6
58.e5 Rxe5 59.Rxe5 Bxe5 60.Qf2 Bf6 61.Qa7+ Kh6 62.Kb4 Qe4 63.Nc7 Qb1+  0-1

[Event "Lichtenrader Autumn"]
[Site "Berlin GER"]
[Date "2011.10.08"]
[Round "1.10"]
[White "Bender,Se2"]
[Black "Kachibadze,Ge"]
[Result "0-1"]
[WhiteElo "1889"]
[BlackElo "2340"]

1.e4 c5 2.Nf3 d6 3.d4 cxd4 4.Nxd4 Nf6 5.Nc3 Nc6 6.Bg5 e6 7.Qd2 Be7 8.O-O-O O-O
9.Be2 Nxd4 10.Qxd4 Nxe4 11.Nxe4 Bxg5+ 12.Nxg5 Qxg5+ 13.f4 Qa5 14.Kb1 Rd8
15.Rd3 e5 16.fxe5 Be6 17.a3 Qxe5 18.Qxe5 dxe5 19.Rhd1 Rxd3 20.Bxd3 f5 21.Be2 Kf7
22.g3 g5 23.Bf3 e4 24.Bg2 Kf6 25.g4 Ke5 26.gxf5 Bxf5 27.c4 Rc8 28.b3 Rc7
29.Rd5+ Kf4 30.Kc1 Rd7 31.Rxd7 Bxd7 32.Kd2 h5 33.b4 h4 34.Kc3 h3 35.Bh1 Ke3
36.c5 Bc6 37.Kc4 a6 38.Kc3 Kf2  0-1

[Event "e2e4 High Wycombe Open"]
[Site "Uplands Park ENG"]
[Date "2011.10.08"]
[Round "3"]
[White "Kender,Robert"]
[Black "Dias,T"]
[Result "0-1"]
[WhiteElo "1976"]
[BlackElo "1777"]

1.e4 c5 2.Nf3 Nc6 3.d4 cxd4 4.Nxd4 Nf6 5.Nc3 d6 6.Bg5 e6 7.Qd2 Be7 8.O-O-O Nxd4
9.Qxd4 a6 10.Bxf6 Bxf6 11.Qxd6 Qxd6 12.Rxd6 Ke7 13.Rd3 b5 14.a3 Bb7 15.f3 Rac8
16.Na2 Rc7 17.Be2 Rhc8 18.c3 Rd8 19.Rxd8 Kxd8 20.Rd1+ Rd7 21.Rxd7+ Kxd7 22.Nb4 Kd6
23.Nd3 g5 24.Kc2 g4 25.Kb3 h5 26.a4 bxa4+ 27.Kxa4 h4 28.h3 gxh3 29.gxh3 Bd8
30.c4 f5 31.exf5 exf5 32.b4 Bc6+ 33.Kb3 Bd7 34.f4 Bc6 35.Bf1 Be4 36.Ne5 Bf6
37.c5+ Kd5 38.Ng6 a5 39.bxa5 Kxc5 40.a6 Kb6 41.Kb4 Bd5 42.Nf8 Be7+ 43.Kc3 Bxf8
44.Kd4 Be4 45.Ke5 Bg7+ 46.Kd6 Bd4  0-1

[Event "Lichtenrader Autumn"]
[Site "Berlin GER"]
[Date "2011.10.10"]
[Round "3.13"]
[White "Tran,My Linh"]
[Black "Priebe,J"]
[Result "0-1"]
[WhiteElo "2018"]
[BlackElo "2265"]

1.e4 c5 2.Nf3 Nc6 3.d4 cxd4 4.Nxd4 Nf6 5.Nc3 d6 6.Bg5 Bd7 7.Nb3 Rc8 8.f3 h6
9.Be3 e6 10.Qd2 a6 11.a4 Ne5 12.a5 Qc7 13.Bb6 Nc4 14.Bxc7 Nxd2 15.Bb6 Nxb3
16.cxb3 Bc6 17.Bc4 d5 18.exd5 exd5 19.Bd3 Bd6 20.O-O O-O 21.Rad1 Nd7 22.Bf2 Nf6
23.Rfe1 Bb4 24.Bf5 Rce8 25.Rxe8 Rxe8 26.Bb6 Re7 27.Rd4 Bd6 28.Rd1 Bc7 29.Bxc7 Rxc7
30.Kf2 Kf8 31.b4 Ke7 32.Ke3 Kd6 33.Kd4 Re7 34.Bc2 Ne8 35.Bb3 Nc7 36.g3 g5
37.Bc2 Re5 38.Rd2 f5 39.Re2 Rxe2 40.Nxe2 Ne6+ 41.Kc3 Ke5 42.Bd3 d4+ 43.Kd2 Bxf3  0-1

[Event "II Oliver Gonzalez Memorial"]
[Site "Madrid ESP"]
[Date "2011.10.10"]
[Round "3.9"]
[White "Hunt,A"]
[Black "Garcia Esteban,I"]
[Result "1-0"]
[WhiteElo "2437"]
[BlackElo "1965"]

1.e4 c5 2.Nf3 Nc6 3.d4 cxd4 4.Nxd4 d6 5.Nc3 Nf6 6.Bg5 Qa5 7.Bxf6 gxf6 8.Nb3 Qd8
9.Qh5 Be6 10.O-O-O Qc8 11.Be2 a6 12.Kb1 Ne5 13.Nd5 Rb8 14.h3 Bg7 15.Nd4 Kf8
16.Nf5 Ng6 17.Nde3 Nf4 18.Qg4 Ng6 19.Qg3 Qc5 20.f4 Rg8 21.h4 Bxf5 22.exf5 Nh8
23.Qf3 e6 24.Rd3 d5 25.Rhd1 Bh6 26.g4 b5 27.g5 Bg7 28.fxe6 fxe6 29.f5 Nf7
30.gxf6 Bh6 31.fxe6 Ne5 32.e7+ Kf7 33.Qh5+  1-0

[Event "Lichtenrader Autumn"]
[Site "Berlin GER"]
[Date "2011.10.11"]
[Round "4.18"]
[White "Niehaus,F"]
[Black "Bornschein,B"]
[Result "1-0"]
[WhiteElo "2182"]
[BlackElo "2011"]

1.e4 c5 2.Nf3 Nc6 3.d4 cxd4 4.Nxd4 Nf6 5.Nc3 d6 6.Bg5 e6 7.Qd2 a6 8.O-O-O Bd7
9.f4 Be7 10.Nf3 b5 11.Bd3 Qc7 12.Rhe1 b4 13.Ne2 e5 14.f5 Rc8 15.Kb1 a5 16.Rc1 Qb7
17.Ng3 h5 18.Nf1 Na7 19.c4 Bc6 20.Qe2 Ra8 21.N1d2 Nc8 22.c5 Nd7 23.Bxe7 Kxe7
24.cxd6+ Nxd6 25.Ng5 Bb5 26.Nb3 Qb6 27.Bxb5 Nxb5 28.Qc4 Nd6 29.Qd5 Qb5 30.Red1 Qxd5
31.Rxd5 f6 32.Ne6 a4 33.Na5 Rac8 34.Nc6+ Rxc6 35.Rxc6 Nc8 36.Nc5 Ncb6 37.Rd1 Nxc5
38.Rxc5 Rc8 39.Rxc8 Nxc8 40.Kc2 Nd6 41.Kd3 Kf7 42.Rc1 a3 43.bxa3 bxa3 44.Rc7+ Kg8
45.Ra7 Nb5 46.Ra5 Nd4 47.Rxa3 h4 48.Rc3 g5 49.a4 g4 50.a5 g3 51.hxg3 hxg3
52.a6  1-0

[Event "49th ch-IND NatA"]
[Site "Aurangabad IND"]
[Date "2011.10.13"]
[Round "5"]
[White "Himanshu,Sh"]
[Black "Girish,A"]
[Result "0-1"]
[WhiteElo "2421"]
[BlackElo "2379"]

1.e4 c5 2.Nf3 d6 3.d4 cxd4 4.Nxd4 Nf6 5.Nc3 Nc6 6.Bg5 e6 7.Qd2 a6 8.O-O-O Bd7
9.f3 b5 10.Kb1 Be7 11.h4 h6 12.Be3 h5 13.Bg5 Rb8 14.Nxc6 Bxc6 15.Bd3 b4 16.Ne2 a5
17.Nd4 Bd7 18.f4 Qb6 19.Nf3 a4 20.Rhe1 a3 21.Bc4 Bc6 22.f5 e5 23.Bxf6 gxf6
24.b3 Qc5 25.Qe2 Bd8 26.Rd3 Bb6 27.Red1 Rd8 28.c3 Ke7 29.cxb4 Qxb4 30.Rc1 Bc5
31.Bd5 Bb5 32.Bc4 Bc6 33.Ne1 Rb8 34.Rg3 Qb7 35.Bd3 Rhg8 36.Rxg8 Rxg8 37.Qxh5 Bxe4
38.Qe2 Bd5 39.Ba6 Qb6 40.Bc4 Bb7 41.Rd1 Rg3 42.Rd3 Rxd3 43.Qxd3 e4 44.Qd1 d5
45.Be2 Bd6 46.Nc2 Qf2 47.h5 Qxf5 48.h6 Qe5 49.Nd4 Bc5 50.h7 f5 51.Ba6 Qxd4
52.Qxd4 Bxd4 53.Bxb7 Kd6 54.g3 Bf6 55.b4 d4 56.Kc2 Ke5 57.Kd2 d3 58.Ke3 Bg5+
59.Kf2 Bf6 60.Ke3 Bg7 61.b5 Bh6+ 62.Kf2 Bg7 63.b6 Kd4 64.Bxe4 fxe4 65.b7 e3+
66.Kg2 e2 67.Kf2 Kc4 68.b8=Q Bd4+ 69.Kg2 e1=Q 70.Qb3+ Kc5 71.Qxa3+ Kd5 72.Qa8+ Kd6
73.Qd8+ Kc5 74.Qc7+ Kb4 75.Qb7+ Kc3 76.Qb3+ Kd2 77.Qb4+ Bc3 78.Qf4+ Qe3 79.Qxf7 Kc1
80.Qf1+ Kc2 81.Qf5 Kb2 82.Qb5+ Kc1 83.Qc6 Qd4 84.Qh6+ d2  0-1

[Event "49th ch-IND NatA"]
[Site "Aurangabad IND"]
[Date "2011.10.14"]
[Round "6"]
[White "Saptarshi,R"]
[Black "Vidit,S"]
[Result "1-0"]
[WhiteElo "2385"]
[BlackElo "2508"]

1.e4 c5 2.Nf3 d6 3.d4 cxd4 4.Nxd4 Nf6 5.Nc3 Nc6 6.Bg5 e6 7.Qd2 a6 8.O-O-O Bd7
9.f3 Be7 10.Be3 h5 11.g3 b5 12.h3 Qc7 13.Bxb5 axb5 14.Ndxb5 Qb8 15.Nxd6+ Kf8
16.f4 Nb4 17.a3 Bc6 18.axb4 Nxe4 19.Ndxe4 Bxe4 20.Rhe1 Qxb4 21.Nb1 Qb7 22.Qd7 Rc8
23.Nc3 Rc7 24.Qa4 Bf5 25.Bb6 Rc8 26.Qd7 Qa8 27.Rd4 Kg8 28.Ra4 Qg2 29.Re2 Qf1+
30.Kd2 Kh7 31.Qxe7 Bxc2 32.Rd4 Bg6 33.g4 Rxc3 34.bxc3 Ra8 35.Ba7 Qa1 36.Rd7 Qb2+
37.Ke3 Qxc3+ 38.Kf2 Qxh3 39.Qc5 Qh4+ 40.Kf1 Qh1+ 41.Qg1 Qf3+ 42.Ke1 Rc8 43.Be3 Rc3
44.Bd2 Rb3 45.Rc7 Rb2 46.Qg2 Qd3 47.gxh5 Bxh5 48.Qe4+  1-0

[Event "Indonesia Open"]
[Site "Jakarta INA"]
[Date "2011.10.14"]
[Round "3.24"]
[White "Kaisar,J"]
[Black "Liu Dede"]
[Result "0-1"]
[WhiteElo "2272"]
[BlackElo "2402"]

1.e4 c5 2.Nf3 Nc6 3.d4 cxd4 4.Nxd4 Nf6 5.Nc3 d6 6.Bg5 e6 7.Qd2 a6 8.O-O-O Bd7
9.f4 Qc7 10.Be2 Be7 11.Bf3 O-O 12.Rhe1 Rfd8 13.Nb3 Be8 14.Qe3 h6 15.Bh4 Ng4
16.Bxg4 Bxh4 17.g3 Bf6 18.Kb1 Rac8 19.Ne2 Na5 20.c3 Ba4 21.Nec1 b5 22.Rd3 Nc4
23.Qf2 b4 24.Nd4 bxc3 25.bxc3 Qb6+ 26.Ncb3 e5 27.Bxc8 exd4 28.cxd4 Rxc8 29.Rc1 Bb5
30.Ka1 Re8 31.Rdc3 Na5 32.Nxa5 Bxd4 33.Qd2 Rxe4 34.Nb3 Bf6 35.Re1 Qf2 36.Qxf2 Bxc3+
37.Kb1 Bd3+  0-1

[Event "TCh-MNE 1st League"]
[Site "Tivat MNE"]
[Date "2011.10.15"]
[Round "8.5"]
[White "Roganovic,Milo"]
[Black "Pecurica,M"]
[Result "1-0"]
[WhiteElo "2480"]
[BlackElo "2149"]

1.e4 c5 2.Nf3 d6 3.d4 cxd4 4.Nxd4 Nf6 5.Nc3 Nc6 6.Bg5 Bd7 7.Bxf6 gxf6 8.Be2 Rc8
9.O-O Nxd4 10.Qxd4 Qa5 11.a4 Qc5 12.Rfd1 a6 13.Ra3 Bg7 14.Qd2 f5 15.Bd3 Rg8
16.exf5 Bc6 17.Be4 Bxe4 18.Nxe4 Qxf5 19.Re3 Be5 20.Nxd6+ exd6 21.Qxd6 f6
22.f4 Rg7 23.fxe5 Re7 24.Rf1 Qg5 25.Rg3  1-0

[Event "49th ch-IND NatA"]
[Site "Aurangabad IND"]
[Date "2011.10.16"]
[Round "8"]
[White "Padmini,R"]
[Black "Adhiban,B"]
[Result "1-0"]
[WhiteElo "2356"]
[BlackElo "2551"]

1.e4 c5 2.Nc3 d6 3.Nge2 Nc6 4.d4 cxd4 5.Nxd4 Nf6 6.Bg5 e6 7.Qd2 Qb6 8.Nb3 a6
9.Bxf6 gxf6 10.f4 Bd7 11.O-O-O O-O-O 12.Kb1 Rg8 13.g3 h5 14.Be2 Rh8 15.h4 Kb8
16.Bf3 Na5 17.Qe2 Nxb3 18.axb3 Qc5 19.f5 Qe5 20.Bxh5 Rh7 21.Rhg1 Bc6 22.Bf3 Bh6
23.Qd3 Rg7 24.Ne2 Kc7 25.Nd4 Bd7 26.g4 Qc5 27.Ne2 Rgg8 28.Rgf1 a5 29.Nd4 Bf4
30.fxe6 fxe6 31.Be2 Be5 32.Nf3 Bf4 33.Nd4 Be5 34.Rg1 Rh8 35.Nf3 Bf4 36.g5 fxg5
37.hxg5 Rdg8 38.g6 Rh3 39.Bf1 Rh6 40.e5 Bxe5 41.Rg5 Bc6 42.Nxe5 dxe5 43.Qg3 Kb6
44.Bd3 Qd4 45.Rxe5 Bd5 46.Rde1 a4 47.bxa4 Ra8 48.b3 Rh4 49.Qe3 Qxe3 50.R5xe3 Rg4
51.Kb2 Kc5 52.c4 Bc6 53.Kc3 Bd7 54.Rf1 Kd6 55.Rf7 Rd8 56.g7 Rg8 57.Bh7 R8xg7
58.Rd3+  1-0

[Event "II Oliver Gonzalez Memorial"]
[Site "Madrid ESP"]
[Date "2011.10.16"]
[Round "9.2"]
[White "Anton Guijarro,D"]
[Black "Korneev,O"]
[Result "1/2-1/2"]
[WhiteElo "2462"]
[BlackElo "2580"]

1.e4 c5 2.Nf3 d6 3.d4 cxd4 4.Nxd4 Nf6 5.Nc3 Nc6 6.Bg5 e6 7.Qd2 a6 8.O-O-O Bd7
9.f4 b5 10.Bxf6 gxf6 11.Kb1 Qb6 12.Nce2 h5 13.g3 Na5 14.f5 e5 15.Nb3 Nc4
16.Qd3 Qe3 17.Nc3 Bc6 18.Qxe3 Nxe3 19.Rd3 Nc4 20.Rd1 Ne3 21.Rd3 Nc4 22.Rd1 Nb6
23.Na5 Rc8 24.Nxc6 Rxc6 25.Rd3 Bh6 26.Be2 h4 27.gxh4 Ke7 28.Nd5+ Nxd5 29.Rxd5 Rg8
30.Bf3 Rgc8 31.Bd1 Rg8 32.Bf3 Rgc8 33.Bd1 Rc4 34.Re1 Bf4 35.c3 b4 36.Bb3 R4c6
37.c4 Rh8 38.Red1 Be3 39.R5d3 Bd4 40.Rh3 Rcc8 41.Rdd3 Bf2 42.h5 Rcg8 43.h6 Rg4
44.c5 dxc5 45.Bd5 a5 46.a4 c4 47.Bxc4 Rxe4 48.Bd5 Rg4 49.Bf3 Rh4 50.Rxh4 Bxh4
51.Bc6 Rxh6 52.Rd7+ Kf8 53.Bd5 Bf2 54.h3 Bd4 55.b3 Ke8 56.Bc6 Kf8 57.Bd5 Ke8
58.Bc6 Kf8 59.Bd5 Ke8 60.Bc6  1/2-1/2